The family and industrial society
Đã lưu trong:
| 主要作者: | |
|---|---|
| 格式: | 圖書 |
| 語言: | Undetermined |
| 出版: |
London
George Allen & Unwin
1983
|
| 主題: | |
| 標簽: |
添加標簽
沒有標簽, 成為第一個標記此記錄!
|
| Thư viện lưu trữ: | Trung tâm Học liệu Trường Đại học Cần Thơ |
|---|
| LEADER | 00526nam a2200193Ia 4500 | ||
|---|---|---|---|
| 001 | CTU_89486 | ||
| 008 | 210402s9999 xx 000 0 und d | ||
| 082 | |a 306.8 | ||
| 082 | |b H313 | ||
| 100 | |a Harris, C. C. | ||
| 245 | 4 | |a The family and industrial society | |
| 245 | 0 | |c C. C. Harris | |
| 260 | |a London | ||
| 260 | |b George Allen & Unwin | ||
| 260 | |c 1983 | ||
| 650 | |a Family,Industries | ||
| 650 | |x Social aspects | ||
| 650 | |z Great Britain,Great Britain | ||
| 980 | |a Trung tâm Học liệu Trường Đại học Cần Thơ | ||